[Event "BUL-ch Seniors"]
[Site "Sofia"]
[Date "2012.05.21"]
[Round "4"]
[White "Mahlev, Atanas"]
[Black "Milanov, Milan"]
[Result "1-0"]
[WhiteElo "1927"]
[BlackElo "1703"]
[PlyCount "49"]
[EventDate "2012.05.19"]
[EventType "swiss"]
[EventRounds "9"]
[EventCountry "BUL"]
[SourceTitle "CBM 148 Extra"]
[Source "ChessBase"]
[SourceDate "2012.06.22"]
[SourceVersion "1"]
[SourceVersionDate "2012.06.22"]
[SourceQuality "1"]

1. e4 c5 2. Nc3 Nc6 3. g3 g6 4. Bg2 Bg7 5. Nge2 e6 6. d3 Nge7 7. Be3 d6 8. 0-0 0-0 9. d4 cxd4 10. Nxd4 a6 11. a4 e5 12. Nb3 f5 13. a5 f4 14. Bb6 Qd7 15. Qe2 Bh6 16. Rad1 Qe6 17. Bc7 Nd4 18. Nxd4 exd4 19. Na4 Nd5 20. Bxd6 f3 21. Bxf3 Rxf3 22. Qxf3 Qxd6 23. exd5 Bd7 24. Nb6 Re8 25. Rxd4 1-0